000 00701nam a22002417a 4500
003 UA-OsUOA
001 46168
007 ta
008 20120206b un ||||| |||| 00| 0 ukr d
100 _aІларіон
090 _a929
_bИ99
942 _cBK
040 _aUA-OsUOA
_bukr
_cUA-OsUOA
_dUA-OsUOA
245 _aМирополит мученик Арсеній Мацієвич
300 _a271 с.
955 _a4
041 _aukr
080 _a929
260 _aВінніпег
_c1964
650 7 _a9 Географія. Біографії. Історія
_2UDC
999 _c426273
_d426273